Revision notes in psychiatry / (Record no. 116087)

MARC details
000 -LEADER
fixed length control field 00697nam a2200253 a 4500
008 - FIXED-LENGTH DATA ELEMENTS--GENERAL INFORMATION
fixed length control field
020 ## - INTERNATIONAL STANDARD BOOK NUMBER
International Standard Book Number 0340761318 (pbk.)
049 ## - LOCAL HOLDINGS (OCLC)
Holding library MAIN
090 ## - LOCALLY ASSIGNED LC-TYPE CALL NUMBER (OCLC); LOCAL CALL NUMBER (RLIN)
Classification number (OCLC) (R) ; Classification number, CALL (RLIN) (NR) RC454
Local cutter number (OCLC) ; Book number/undivided call number, CALL (RLIN) PUR
003 - CONTROL NUMBER IDENTIFIER
control field
005 - DATE AND TIME OF LATEST TRANSACTION
control field 20230120204036.0
040 ## - CATALOGING SOURCE
Transcribing agency NUST
100 1# - MAIN ENTRY--PERSONAL NAME
Personal name Puri, Basant K.
245 10 - TITLE STATEMENT
Title Revision notes in psychiatry /
Statement of responsibility, etc. Basant K. Puri and Anne D. Hall.
260 ## - PUBLICATION, DISTRIBUTION, ETC.
Place of publication, distribution, etc. London :
Name of publisher, distributor, etc. Arnold ;
Date of publication, distribution, etc. 2004.
300 ## - PHYSICAL DESCRIPTION
Extent 2nd ed.
300 ## - PHYSICAL DESCRIPTION
Extent vi, 601 p. ;
Dimensions 21 cm.
500 ## - GENERAL NOTE
General note Includes index.
500 ## - GENERAL NOTE
General note Include bibliographical references.
650 #1 - SUBJECT ADDED ENTRY--TOPICAL TERM
Topical term or geographic name entry element Psychiatry.
700 ## - ADDED ENTRY--PERSONAL NAME
Personal name Hall, Anne D.
907 ## - LOCAL DATA ELEMENT G, LDG (RLIN)
a .b10259776
b 19-07-11
c 15-01-09
942 ## - ADDED ENTRY ELEMENTS (KOHA)
Koha item type Ordinary Loan Books
Call number prefix RC454
Call number suffix PUR
Holdings
Date last seen Total Checkouts Full call number Barcode Cost, replacement price Price effective from Koha item type Lost status Source of classification or shelving scheme Damaged status Not for loan Collection Withdrawn status Home library Current library Shelving location Date acquired Cost, normal purchase price
01/20/2023   RC454 PUR 92004014198 80.00 01/20/2023 BOOKS   LCC     NFIC   MEDICAL MEDICAL GEN 01/20/2023 80.00